|
|
|
|
| LEADER |
00000cam a22000004a 4500 |
| 001 |
musev2_21085 |
| 003 |
MdBmJHUP |
| 005 |
20230905042242.0 |
| 006 |
m o d |
| 007 |
cr||||||||nn|n |
| 008 |
120905s2013 miu o 00 0 eng d |
| 010 |
|
|
|z 2020749669
|
| 020 |
|
|
|a 9780472028412
|
| 020 |
|
|
|z 9780472118328
|
| 020 |
|
|
|z 9780472037780
|
| 035 |
|
|
|a (OCoLC)859687080
|
| 040 |
|
|
|a MdBmJHUP
|c MdBmJHUP
|
| 100 |
1 |
|
|a Steinbock, Bernd.
|
| 245 |
1 |
0 |
|a Social Memory in Athenian Public Discourse :
|b Uses and Meanings of the Past /
|c Bernd Steinbock.
|
| 264 |
|
1 |
|a Ann Arbor :
|b The University of Michigan Press,
|c [2013]
|
| 264 |
|
3 |
|a Baltimore, Md. :
|b Project MUSE,
|c 2013
|
| 264 |
|
4 |
|c ©[2013]
|
| 300 |
|
|
|a 1 online resource (424 pages).
|
| 336 |
|
|
|a text
|b txt
|2 rdacontent
|
| 337 |
|
|
|a computer
|b c
|2 rdamedia
|
| 338 |
|
|
|a online resource
|b cr
|2 rdacarrier
|
| 505 |
0 |
|
|a Introduction : Objectives, Methods, Concepts -- Objectives -- What Is Social Memory? -- Social memory in Ancient Greece : From Mythical Times to the Recent Past -- Social Memory in Athenian Public Discourse -- Chapter 1. Carriers of Athenian Social Memory -- Festivals and Public Commemorations -- Different Memory Communities -- Monuments and Inscriptions -- Rhetorical Education -- Assembly and Law Courts -- Chapter 2. Athens' Counterimage : The Theban Medizers -- Fourth-Century Allusions to Thebes' Medizing -- Theban Conduct during the Persian War -- Athenian Disposition toward Thebes in 479 -- Memorialization of Thebes' Treason -- Remembering Theban Medism throughout the Fifth Century -- Contexts for the Recollection of Theban Medism in the Fourth Century -- Chapter 3. Mythical Precedent : Athenian Intervention for the Fallen Argives -- Oratorical Allusions to the Burial of the Seven -- Constitutive Elements and Formative Influences -- The Burial of the Seven in Diplomatic and Political Discourse -- Chapter 4. A Precarious Memory : Theban Help for the Athenian Democrats -- Belated Praise for Theban Aid? -- The Situation in Thebes in 404/3 -- Theban Support for Thrasybulus in Athenian Social Memory -- Chapter 5. Persistent Memories : The Proposed Eradication of Athens -- The Debate about Athens' Fate in 405/4 -- Fourth-Century Allusions to the Proposed Destruction of Athens -- Traumatic Fear of Annihilation -- Semantic and Visual Conceptualizations : City Razing and Enslavement -- Imagining the Unimaginable : The Eradication of Athens -- Plataea, Melos and Troy as Aide Memoire -- Contexts for the Recollection of the Theban Proposal -- Conclusion.
|
| 588 |
|
|
|a Description based on print version record.
|
| 651 |
|
7 |
|a Greece
|z Thebes.
|2 fast
|0 (OCoLC)fst01229872
|
| 651 |
|
7 |
|a Greece
|z Athens.
|2 fast
|0 (OCoLC)fst01204474
|
| 651 |
|
7 |
|a Greece.
|2 fast
|0 (OCoLC)fst01208380
|
| 651 |
|
6 |
|a Grece
|x Histoire
|y Jusqu'à 146 av. J.-C.
|
| 651 |
|
6 |
|a Thebes (Grece)
|x Opinion publique etrangere.
|
| 651 |
|
6 |
|a Thebes (Grece)
|x Relations
|z Grece
|z Athenes.
|
| 651 |
|
0 |
|a Greece
|x History
|y To 146 B.C.
|
| 651 |
|
0 |
|a Athens (Greece)
|x Social life and customs.
|
| 651 |
|
0 |
|a Athens (Greece)
|x Politics and government.
|
| 651 |
|
0 |
|a Thebes (Greece)
|x Foreign public opinion.
|
| 651 |
|
0 |
|a Thebes (Greece)
|x Relations
|z Greece
|z Athens.
|
| 651 |
|
0 |
|a Athens (Greece)
|x Relations
|z Greece
|z Thebes.
|
| 650 |
|
7 |
|a Public opinion.
|2 fast
|0 (OCoLC)fst01082785
|
| 650 |
|
7 |
|a Politics and government.
|2 fast
|0 (OCoLC)fst01919741
|
| 650 |
|
7 |
|a Memory
|x Social aspects.
|2 fast
|0 (OCoLC)fst01015940
|
| 650 |
|
7 |
|a Manners and customs.
|2 fast
|0 (OCoLC)fst01007815
|
| 650 |
|
7 |
|a International relations.
|2 fast
|0 (OCoLC)fst00977053
|
| 650 |
|
7 |
|a Historiography
|x Social aspects.
|2 fast
|0 (OCoLC)fst00958230
|
| 650 |
|
7 |
|a Discourse analysis.
|2 fast
|0 (OCoLC)fst00894932
|
| 650 |
|
7 |
|a Collective memory.
|2 fast
|0 (OCoLC)fst01739814
|
| 650 |
|
7 |
|a HISTORY
|x General.
|2 bisacsh
|
| 650 |
|
7 |
|a POLITICAL SCIENCE
|x Globalization.
|2 bisacsh
|
| 650 |
|
0 |
|a Discourse analysis
|z Greece
|z Athens
|x History
|y To 1500.
|
| 650 |
|
0 |
|a Historiography
|x Social aspects
|z Greece
|z Athens
|x History
|y To 1500.
|
| 650 |
|
0 |
|a Collective memory
|z Greece
|z Athens
|x History
|y To 1500.
|
| 650 |
|
0 |
|a Memory
|x Social aspects
|z Greece
|z Athens
|x History
|y To 1500.
|
| 655 |
|
7 |
|a Theses et ecrits academiques.
|2 rvmgf
|
| 655 |
|
7 |
|a Academic theses.
|2 lcgft
|
| 655 |
|
7 |
|a History.
|2 fast
|0 (OCoLC)fst01411628
|
| 655 |
|
7 |
|a Academic theses.
|2 fast
|0 (OCoLC)fst01726453
|
| 655 |
|
2 |
|a Academic Dissertation
|
| 655 |
|
7 |
|a Electronic books.
|2 local
|
| 710 |
2 |
|
|a Project Muse.
|e distributor
|
| 830 |
|
0 |
|a Book collections on Project MUSE.
|
| 856 |
4 |
0 |
|z Texto completo
|u https://projectmuse.uam.elogim.com/book/21085/
|
| 945 |
|
|
|a Project MUSE - Custom Collection
|
| 945 |
|
|
|a Project MUSE - 2013 History
|
| 945 |
|
|
|a Project MUSE - 2013 Complete
|